000 00258nam a2200109Ia 4500
008 191206s9999 xx 000 0 und d
020 _a198571739
090 _aQL605
245 4 _aThe life of invertebrates
260 _aOxford universty ress
260 _cc1981
999 _c17078
_d17078